MARC

Tag First Indicator Second Indicator Subfields
LEADER 00000cam a2200000Ka 4500
001 in00004601021
006 m o d
007 cr bn||||||abp
007 cr bn||||||ada
008 100427s1952 maua o 001 0 eng d
005 20221121162408.1
035 |a (MaCbMITP)4563 
040 |a OCoLC-P  |b eng  |e pn  |c OCoLC-P 
020 |a 0262310856  |q (electronic bk.) 
020 |a 9780262310857  |q (electronic bk.) 
035 |a (OCoLC)609921573  |z (OCoLC)609921574  |z (OCoLC)609921575  |z (OCoLC)866569224  |z (OCoLC)1012060770 
035 |a (OCoLC-P)609921573 
050 4 |a TK2665  |b .P47 1952eb 
082 0 4 |a 621.3132 
100 1 |a Pestarini, Joseph Maximus. 
245 1 0 |a Metadyne statics /  |c Joseph Maximus Pestarini 
260 |a [Cambridge]  |b Technology Press of Massachusetts Institute of Technology and Wiley, New York  |c [1952] 
300 |a 1 online resource (415 pages) :  |b illustrations 
336 |a text  |b txt  |2 rdacontent 
337 |a computer  |b c  |2 rdamedia 
338 |a online resource  |b cr  |2 rdacarrier 
500 |a Includes index. 
520 3 |a "The theory, design, and applications of a class of electrical machines, the metadyne, written by the man who first defined these devices and recognized their potentialities." 
588 |a OCLC-licensed vendor bibliographic record. 
650 0 |a Electric machinery  |x Direct current. 
653 |a ENGINEERING/Electrical Engineering 
655 7 |a Electronic books.  |2 local 
856 4 0 |u http://proxy.library.tamu.edu/login?url=https://doi.org/10.7551/mitpress/4563.001.0001?locatt=mode:legacy  |z Connect to the full text of this electronic book  |t 0 
955 |a MIT D2O ebooks 
999 f f |s 6979e774-9f11-4919-86ba-146a66df3c95  |i b47575a5-c7cb-434c-b8a1-1f9d53d89bab  |t 0 
952 f f |a Texas A&M University  |b College Station  |c Electronic Resources  |d Available Online  |t 0  |e TK2665 .P47 1952eb  |h Library of Congress classification 
998 f f |a TK2665 .P47 1952eb  |t 0  |l Available Online